000 00872cam a22002771 4500
001 24637
003 BD-RjUL
005 20211209001058.0
008 140315s1952 at a 001 0 eng d
035 _a(BD-RjUL)24706
035 _a(OCoLC)3463225
040 _aDLC
_cOC
_dOCoLC
_dDLC
_dBD-RjUL
_beng
041 _aeng
082 0 0 _a940.5394
_bHAG 1952
100 1 _aHasluck, Paul,
_975819
245 1 4 _aThe Government and the people 1939-1941 /
_cPaul Hasluck,
260 _aCanberra :
_bAustralian War Memorial,
_c1952
300 _axvii,644p. :
_billus., ports. ;
_c24 cm.
504 _aIncludes Index
505 1 _a[1] 1939-1941.
650 0 _aWorld War, 1939-1945
_zAustralia.
_974854
942 _2ddc
_cBK
999 _c24637
_d24637